000 00848nam a22002417a 4500
999 _c158211
_d158211
005 20181024102408.0
010 _aENG-124344
020 _a9789353062026
_c1999.00
035 _aEN-107876
037 _bDBAD/PUB
082 _a617.0231
100 _aLeMone, T Priscilla
245 _aMedical-surgical nursing:
_cby T Priscilla LeMone; Karen M. Burke; Gerene Bauldoff [and] Paula Gubrud
_bclinical reasoning in patient care /
250 _a6th ed.
260 _aNoida
_bPearson
_c2018
270 _a15th Floor, Tower B, Worls Trade Tower, Plot No.1, Block -C
_bNoida (UP)
_e201301
300 _axxxviii,1859p.
_c28cm.(pbk)
_bill.
500 _aIt includes appendix A to C, glossary and index
700 _aBurke, Karen M.
700 _a Bauldoff, Gerene
700 _a Gubrud, Paula
942 _2ddc
_cEN
_h617.0231
_mLEM